<?xml version="1.0" encoding="UTF-8"?>
<record
    xmlns:xsi="http://www.w3.org/2001/XMLSchema-instance"
    xsi:schemaLocation="http://www.loc.gov/MARC21/slim http://www.loc.gov/standards/marcxml/schema/MARC21slim.xsd"
    xmlns="http://www.loc.gov/MARC21/slim">

  <leader>01332nam a22002057a 4500</leader>
  <datafield tag="999" ind1=" " ind2=" ">
    <subfield code="c">184646</subfield>
    <subfield code="d">184646</subfield>
  </datafield>
  <controlfield tag="005">20220707120046.0</controlfield>
  <datafield tag="010" ind1=" " ind2=" ">
    <subfield code="a">B-742537                                                  HIN-21-22                             </subfield>
  </datafield>
  <datafield tag="020" ind1=" " ind2=" ">
    <subfield code="a">97893954869570</subfield>
    <subfield code="c">250.00</subfield>
  </datafield>
  <datafield tag="035" ind1=" " ind2=" ">
    <subfield code="a">B-742537    </subfield>
  </datafield>
  <datafield tag="037" ind1=" " ind2=" ">
    <subfield code="b">&#x921;&#x93E;&#x92F;&#x92E;&#x902;&#x921; &#x92C;&#x941;&#x915;&#x94D;&#x938; </subfield>
    <subfield code="a">  </subfield>
  </datafield>
  <datafield tag="082" ind1=" " ind2=" ">
    <subfield code="a">&#x915;</subfield>
  </datafield>
  <datafield tag="245" ind1=" " ind2=" ">
    <subfield code="a">21(&#x907;&#x915;&#x94D;&#x915;&#x940;&#x938;) &#x936;&#x94D;&#x930;&#x947;&#x937;&#x94D;&#x920; &#x92F;&#x941;&#x935;&#x93E;&#x92E;&#x928; &#x915;&#x940; &#x915;&#x939;&#x93E;&#x928;&#x93F;&#x92F;&#x93E;&#x902; &#x939;&#x93F;&#x92E;&#x93E;&#x91A;&#x932; &#x92A;&#x94D;&#x930;&#x926;&#x947;&#x936; /</subfield>
    <subfield code="c">&#x917;&#x902;&#x917;&#x93E; &#x930;&#x93E;&#x92E; &#x930;&#x93E;&#x91C;&#x940; &#x926;&#x94D;&#x935;&#x93E;&#x930;&#x93E; &#x938;&#x902;&#x92A;&#x93E;&#x926;&#x93F;&#x924;</subfield>
  </datafield>
  <datafield tag="260" ind1=" " ind2=" ">
    <subfield code="b">&#x921;&#x93E;&#x92F;&#x92E;&#x902;&#x921; &#x92C;&#x941;&#x915;&#x94D;&#x938; </subfield>
    <subfield code="a">&#x928;&#x908; &#x926;&#x93F;&#x932;&#x94D;&#x932;&#x940;  </subfield>
    <subfield code="c">2022 </subfield>
  </datafield>
  <datafield tag="270" ind1=" " ind2=" ">
    <subfield code="a">X-30, &#x913;&#x916;&#x932;&#x93E; &#x907;&#x902;&#x921;&#x938;&#x94D;&#x91F;&#x94D;&#x930;&#x93F;&#x92F;&#x932; &#x90F;&#x930;&#x93F;&#x92F;&#x93E; , &#x92B;&#x947;&#x91C; -II,</subfield>
    <subfield code="b">&#x928;&#x908; &#x926;&#x93F;&#x932;&#x94D;&#x932;&#x940; </subfield>
    <subfield code="e">110020</subfield>
    <subfield code="k">011-40712200</subfield>
    <subfield code="m">ebooks@dpb.in</subfield>
  </datafield>
  <datafield tag="300" ind1=" " ind2=" ">
    <subfield code="a">207&#x92A;&#x943;.</subfield>
    <subfield code="c">22 &#x938;&#x947;&#x92E;&#x940;(&#x905;&#x91C;&#x93F;&#x932;&#x94D;&#x926;)</subfield>
  </datafield>
  <datafield tag="500" ind1=" " ind2=" ">
    <subfield code="a">&#x92D;&#x93E;&#x930;&#x924; &#x915;&#x925;&#x93E; &#x92E;&#x93E;&#x932;&#x93E;</subfield>
  </datafield>
  <datafield tag="700" ind1=" " ind2=" ">
    <subfield code="a">&#x917;&#x902;&#x917;&#x93E; &#x930;&#x93E;&#x92E; &#x930;&#x93E;&#x91C;&#x940;</subfield>
  </datafield>
  <datafield tag="942" ind1=" " ind2=" ">
    <subfield code="2">ddc</subfield>
    <subfield code="c">HN</subfield>
    <subfield code="m">&#x907;&#x915;&#x94D;&#x915;&#x940;&#x938;</subfield>
    <subfield code="h">&#x915;</subfield>
  </datafield>
  <datafield tag="952" ind1=" " ind2=" ">
    <subfield code="0">0</subfield>
    <subfield code="1">0</subfield>
    <subfield code="4">0</subfield>
    <subfield code="7">0</subfield>
    <subfield code="8">FIC</subfield>
    <subfield code="a">NPL</subfield>
    <subfield code="b">NPL</subfield>
    <subfield code="d">2022-07-07</subfield>
    <subfield code="e">&#x921;&#x93E;&#x92F;&#x92E;&#x902;&#x921; &#x92C;&#x941;&#x915;&#x94D;&#x938;/3449/5.3.22/109/24.3.22/10.3.22</subfield>
    <subfield code="g">250.00</subfield>
    <subfield code="l">1</subfield>
    <subfield code="o">&#x915; &#x907;&#x915;&#x94D;&#x915;&#x940;&#x938;</subfield>
    <subfield code="p">B-742537</subfield>
    <subfield code="r">2025-06-03 00:00:00</subfield>
    <subfield code="s">2025-05-22</subfield>
    <subfield code="t">1</subfield>
    <subfield code="v">250.00</subfield>
    <subfield code="w">2022-07-07</subfield>
    <subfield code="y">HN</subfield>
  </datafield>
</record>
